[Event "Las Americas op U1800 Hybrid"]
[Site "Internet"]
[Date "2022.06.04"]
[Round "6.4"]
[White "Gaibor, Ivan"]
[Black "Murillo Rojas, Hugo Ernesto"]
[Result "1-0"]
[WhiteElo "1692"]
[BlackElo "1230"]
[PlyCount "141"]
[EventDate "2022.06.04"]
[EventType "swiss"]
[EventRounds "6"]
[EventCountry "VEN"]
[SourceTitle "EXT 2024"]
[Source "ChessBase"]
[SourceDate "2023.10.10"]
[SourceVersion "1"]
[SourceVersionDate "2023.10.10"]
[SourceQuality "1"]

1. c4 e5 2. Nc3 Nf6 3. g3 d5 4. cxd5 Nxd5 5. Bg2 Be6 6. Nf3 Nc6 7. d3 Be7 8. Bd2 Qd7 9. 0-0 f6 10. Rc1 g5 11. Ne4 h6 12. a3 Bh3 13. Nc5 Bxc5 14. Rxc5 Bxg2 15. Kxg2 h5 16. Qb3 Nb6 17. h4 g4 18. Ne1 Nd4 19. Qd1 c6 20. b4 Ne6 21. Rc1 f5 22. Bc3 0-0 23. Qb3 Qd6 24. d4 exd4 25. Bxd4 Qd5+ 26. Qxd5 Nxd5 27. Bc5 Rfe8 28. Nd3 f4 29. Rfe1 Red8 30. e4 f3+ 31. Kg1 Nf6 32. Nf4 Kf7 33. e5 Nxf4 34. gxf4 Nd5 35. f5 Nf4 36. Rcd1 Ne2+ 37. Kf1 b6 38. Bd6 g3 39. e6+ Kf6 40. fxg3 Kxf5 41. e7 Re8 42. Kf2 Kg4 43. Rd3 Kf5 44. Kxf3 Nxg3 45. Re5+ Kf6 46. Kxg3 Rg8+ 47. Kf3 Rae8 48. Rxh5 a5 49. bxa5 bxa5 50. Rxa5 Rg1 51. Ke4 Rg4+ 52. Ke3 Rxh4 53. Rc5 Rh3+ 54. Kd4 Rh4+ 55. Kc3 Ra8 56. Rxc6 Kf7 57. Bb4 Rh1 58. Rf3+ Kg7 59. Kd4 Rd1+ 60. Ke5 Rh8 61. Rcf6 Rb8 62. Rf7+ Kg6 63. R3f6+ Kg5 64. Rg7+ Kh5 65. Rf8 Rb5+ 66. Ke6 Rb6+ 67. Kf7 Rf1+ 68. Kg8 Kh6 69. Rh7+ Kg5 70. e8Q Re6 71. Qh5# 1-0